[Event "BRA-ch U16"]
[Site "Sao Paulo"]
[Date "2012.04.29"]
[Round "4"]
[White "De Oliveira, Cesar Augusto Ferna"]
[Black "London, Eduardo"]
[Result "0-1"]
[WhiteElo "1817"]
[BlackElo "1812"]
[PlyCount "114"]
[EventDate "2012.04.28"]
[EventType "swiss"]
[EventRounds "7"]
[EventCountry "BRA"]
[SourceTitle "CBM 148 Extra"]
[Source "ChessBase"]
[SourceDate "2012.06.22"]
[SourceVersion "1"]
[SourceVersionDate "2012.06.22"]
[SourceQuality "1"]

1. e4 c6 2. Nf3 d5 3. Bd3 Bg4 4. h3 Bh5 5. Nc3 e6 6. 0-0 Nd7 7. a3 Bd6 8. Be2 Bg6 9. d3 Ngf6 10. Nh4 Nxe4 11. Nxe4 Bxe4 12. dxe4 Qxh4 13. exd5 cxd5 14. Bg4 Qe7 15. Qd4 Be5 16. Qb4 Qxb4 17. axb4 0-0 18. c3 Rfd8 19. Be3 a6 20. Rad1 Bf6 21. Bf4 Rac8 22. Rc1 Nb6 23. Rfe1 d4 24. Red1 dxc3 25. Rxd8+ Bxd8 26. bxc3 Bf6 27. Bd2 Nc4 28. Be1 g6 29. Bf3 Rc7 30. Be2 Kf8 31. Rc2 Ke7 32. g4 Kd7 33. Bxc4 Rxc4 34. Bd2 Bg7 35. Kg2 Kc6 36. Kf3 e5 37. Ke3 e4 38. f3 Bh6+ 39. Ke2 Bxd2 40. Kxd2 exf3 41. Kd3 Rf4 42. Rf2 Kb5 43. Ke3 Rf6 44. Rxf3 Rxf3+ 45. Kxf3 Kc4 46. Kf4 Kxc3 47. Ke5 Kxb4 48. Kf6 a5 49. Kxf7 a4 50. Kg7 a3 51. Kxh7 g5 52. Kg6 a2 53. Kxg5 a1Q 54. h4 Qg7+ 55. Kf4 Qh6+ 56. Kg3 Kc5 57. g5 Qh5 0-1